[Event "AUTO-OPEN-595"]
[Site "http://www.queenalice.com/game.php?id=254047"]
[Date "2007.8.10"]
[Round "2"]
[White "mafbueno"]
[Black "gp_baker"]
[Result "0-1"]
[WhiteElo "1823"]
[BlackElo "2249"]

1. e4 e5 2. Nf3 Nc6 3. Bc4 Bc5 4. b4 Bxb4 5. c3 Ba5 6. d4 exd4 7. O-O dxc3 8.
Qb3 Qf6 9. e5 Qg6 10. Re1 b5 11. Bd5 Nge7 12. Be4 Qe6 13. Qxb5 Rb8 14. Qe2 c2
15. Nbd2 Bc3 16. Nb3 Rxb3 17. axb3 Bxa1 18. Qxc2 Nxe5 19. Nxe5 Bxe5 20. g3 Ba6
21. Be3 d5 22. Bg2 O-O 23. Bxa7 Re8 24. Be3 c6 25. f4 Bd4 26. Bf2 Qxe1+ 0-1

[Event "QA-ANNIV-03"]
[Site "http://www.queenalice.com/game.php?id=270162"]
[Date "2007.9.11"]
[Round "3"]
[White "Gustaf"]
[Black "gp_baker"]
[Result "0-1"]
[WhiteElo "1802"]
[BlackElo "2252"]

1. d4 d5 2. c4 c6 3. Nf3 Nf6 4. Nc3 e6 5. Bg5 h6 6. Bh4 dxc4 7. e4 g5 8. Bg3 b5
9. Be2 Bb4 10. Be5 Nbd7 11. O-O Bb7 12. a3 Be7 13. b3 cxb3 14. Qxb3 Nxe5 15.
dxe5 Nd7 0-1

[Event "AUTO-MASTER-331"]
[Site "http://www.queenalice.com/game.php?id=276047"]
[Date "2007.9.23"]
[Round "2"]
[White "gp_baker"]
[Black "schibu"]
[Result "1-0"]
[WhiteElo "2329"]
[BlackElo "2265"]

1. d4 Nf6 2. c4 e6 3. Nf3 Bb4+ 4. Bd2 Qe7 5. e3 b6 6. Bd3 Bb7 7. Nc3 Bxc3 8.
Bxc3 Ne4 9. Bxe4 Bxe4 10. d5 exd5 11. cxd5 Qc5 12. d6 Qxd6 13. Qxd6 cxd6 14. Rd1
Ke7 15. Nh4 Rg8 16. Rd4 Bb1 17. Ke2 Bxa2 18. Nf5+ Kf8 19. Rxd6 Bc4+ 20. Kf3 Be6
21. Nd4 Ke8 22. Rd1 h5 23. h3 Ke7 24. Bb4 Kf6 25. e4 Na6 26. Bc3 Kg6 27. Ke3 Nc5
28. f4 Kh7 29. f5 Bc4 30. b4 Na4 31. Be1 g6 32. g4 gxf5 33. gxf5 Rg2 34. Rxd7
Nb2 35. Ra1 Nd3 36. Bc3 Ne5 37. Rc7 Re8 38. Nf3 Re2+ 39. Kf4 Nxf3 40. Rxc4 Nd2
41. Bxd2 Rxd2 42. Rxa7 Kg7 43. Rcc7 Rf8 44. e5 Rf2+ 45. Ke4 Re2+ 46. Kd5 Kg8 47.
e6 fxe6+ 48. fxe6 Rg2 49. Rab7 1-0

[Event "AUTO-MASTER-331"]
[Site "http://www.queenalice.com/game.php?id=276048"]
[Date "2007.9.23"]
[Round "2"]
[White "schibu"]
[Black "gp_baker"]
[Result "1/2-1/2"]
[WhiteElo "2256"]
[BlackElo "2339"]

1. e4 e5 2. Bc4 Nf6 3. d3 Nc6 4. Nc3 Na5 5. Qf3 Nxc4 6. dxc4 d6 7. Nge2 c6 8.
O-O Be6 9. b3 h5 10. h3 Be7 11. Ng3 Qd7 12. Bg5 h4 13. Nge2 O-O-O 14. a4 Nh5 15.
Bxe7 Qxe7 16. a5 g5 17. Qe3 Kb8 18. a6 b6 19. f3 Nf4 20. Rfd1 Bxh3 21. gxh3 Qe6
22. Rf1 Rhg8 23. Kf2 Qxh3 24. Qd2 f5 25. exf5 g4 26. Nxf4 exf4 27. Qxf4 gxf3 28.
Rg1 Rg2+ 29. Rxg2 Qxg2+ 30. Ke3 Qxc2 31. Qd4 Re8+ 32. Kxf3 Qxf5+ 33. Qf4 Qd3+
34. Kg2 Re3 35. Ra2 Qg6+ 36. Kf1 Rxc3 37. Qf8+ Kc7 38. Qe7+ Kc8 39. Qb7+ Kd8 40.
Qa8+ Kd7 41. Qxa7+ Ke6 42. Re2+ Kf5 43. Qxb6 c5 44. Qb7 Rc1+ 45. Re1 Rxe1+ 46.
Kxe1 Qg3+ 47. Ke2 Qe5+ 48. Kd1 1/2-1/2

[Event "AUTO-MASTER-331"]
[Site "http://www.queenalice.com/game.php?id=276049"]
[Date "2007.9.23"]
[Round "2"]
[White "gp_baker"]
[Black "Manzoleu"]
[Result "1-0"]
[WhiteElo "2298"]
[BlackElo "1958"]

1. d4 d5 2. c4 c6 3. Nf3 Nf6 4. Nc3 g6 5. e3 Be6 6. cxd5 Nxd5 7. Ng5 Nxc3 8.
bxc3 Bd7 9. Qb3 e6 10. Qxb7 Qxg5 11. Qxa8 Bd6 12. Qxa7 O-O 13. Ba3 Bxa3 14. Qxa3
e5 15. Qc5 Bf5 16. Qxe5 Nd7 17. Qd6 Rb8 18. Qxc6 Qg4 19. Be2 Qg5 20. a4 Be6 21.
a5 Rd8 22. a6 Bd5 23. Qc7 Nf8 24. a7 Ne6 25. Qe5 Qxg2 26. Rf1 Ba8 27. c4 Qb7 28.
Qb5 Nxd4 29. exd4 Qe4 30. Qe5 Qc2 31. f4 Qc3+ 32. Kf2 Qh3 33. Rab1 Qxh2+ 34. Ke1
Qg3+ 35. Kd1 Qa3 36. Rb8 Qf8 37. Rxd8 Qxd8 38. Qb8 1-0

[Event "AUTO-MASTER-331"]
[Site "http://www.queenalice.com/game.php?id=276050"]
[Date "2007.9.23"]
[Round "2"]
[White "Manzoleu"]
[Black "gp_baker"]
[Result "0-1"]
[WhiteElo "2013"]
[BlackElo "2272"]

1. c4 e5 2. a3 Nf6 3. Nc3 d5 4. d4 exd4 5. Qxd4 Nc6 6. Qe3+ Be6 7. cxd5 Nxd5 8.
Nxd5 Qxd5 9. Bd2 O-O-O 10. Nf3 Bc5 11. Qc3 Nd4 12. Nxd4 Bxd4 13. Qb4 Bc5 14. Qf4
Bxf2+ 15. Kxf2 Qxd2 16. Qxd2 Rxd2 17. b4 Re8 18. Ke3 Rc2 19. Kf4 Bd5 20. Rd1
Re4+ 21. Kg3 c6 22. Rd3 Rc1 23. e3 Bc4 24. h4 Bxd3 25. Kf3 Bxf1 26. Rxf1 Rxf1+
0-1

[Event "AUTO-MASTER-331"]
[Site "http://www.queenalice.com/game.php?id=276051"]
[Date "2007.9.23"]
[Round "2"]
[White "gp_baker"]
[Black "aquiles88"]
[Result "1-0"]
[WhiteElo "2278"]
[BlackElo "2205"]

1. d4 Nf6 2. c4 e6 3. Nf3 Bb4+ 4. Bd2 Qe7 5. Nc3 O-O 6. Qc2 d5 7. a3 Bxc3 8.
Bxc3 Rd8 9. e3 Nbd7 10. cxd5 Nxd5 11. Bd3 N7f6 12. Bd2 h6 13. e4 Nb6 14. O-O 1-0

[Event "AUTO-MASTER-331"]
[Site "http://www.queenalice.com/game.php?id=276052"]
[Date "2007.9.23"]
[Round "2"]
[White "aquiles88"]
[Black "gp_baker"]
[Result "0-1"]
[WhiteElo "2217"]
[BlackElo "2288"]

1. e4 e5 2. Nf3 Nc6 3. Nc3 Nf6 4. g3 Bc5 5. Bg2 d6 6. d3 a5 7. Be3 Bxe3 8. fxe3
O-O 9. O-O Ne7 10. d4 Ng6 11. Qe2 c6 12. Rad1 b6 13. dxe5 Ba6 14. Qe1 Bxf1 15.
Kxf1 Ng4 16. exd6 Qf6 17. Kg1 Rad8 18. Qd2 Rfe8 19. h3 N4e5 0-1

[Event "AUTO-OPEN-595"]
[Site "http://www.queenalice.com/game.php?id=276633"]
[Date "2007.9.24"]
[Round "3"]
[White "gp_baker"]
[Black "QuickQuickSlow"]
[Result "1-0"]
[WhiteElo "2263"]
[BlackElo "2172"]

1. d4 Nf6 2. c4 g6 3. Nc3 d5 4. cxd5 Nxd5 5. e4 Nxc3 6. bxc3 Bg7 7. Nf3 O-O 8.
Be2 c5 9. O-O Nc6 10. Be3 cxd4 11. cxd4 Bg4 12. d5 Bxf3 13. Bxf3 Ne5 14. Be2 b6
15. Rc1 Rc8 16. Qa4 Rc7 17. Rxc7 Qxc7 18. Rc1 1-0

[Event "AUTO-OPEN-595"]
[Site "http://www.queenalice.com/game.php?id=276634"]
[Date "2007.9.24"]
[Round "3"]
[White "QuickQuickSlow"]
[Black "gp_baker"]
[Result "0-1"]
[WhiteElo "2182"]
[BlackElo "2253"]

1. e4 e5 2. Nc3 Nf6 3. g3 Bc5 4. Bg2 O-O 5. Nge2 Re8 6. O-O Nc6 7. d3 Nd4 8.
Nxd4 exd4 9. Ne2 d5 10. exd5 Bg4 11. f3 Bf5 12. Bg5 h6 13. Bxf6 Qxf6 14. g4 Bd7
15. Ng3 Bd6 16. Ne4 Rxe4 17. fxe4 Qe5 0-1

[Event "AUTO-ADV-454"]
[Site "http://www.queenalice.com/game.php?id=302138"]
[Date "2007.11.11"]
[Round "2"]
[White "gp_baker"]
[Black "Rusty"]
[Result "1/2-1/2"]
[WhiteElo "2352"]
[BlackElo "2090"]

1. d4 d5 2. c4 dxc4 3. Nf3 Nf6 4. e3 e6 5. Bxc4 c5 6. O-O a6 7. dxc5 Qxd1 8.
Rxd1 Bxc5 9. Nbd2 O-O 10. Be2 b6 11. Nc4 Nbd7 12. Nd6 Bxd6 13. Rxd6 Bb7 14. b3
Rfd8 15. Bb2 Nd5 16. Rd1 Nc5 17. Rxd8+ Rxd8 18. Ne5 b5 19. Nc4 Bc6 20. Na5 Ba8
21. Rc1 Nd7 22. Kf1 f5 23. a4 bxa4 24. bxa4 N5b6 25. Rc7 Nxa4 26. Bc4 Nxb2 27.
Bxe6+ Kf8 28. Bxd7 g6 29. Bc6 Bxc6 30. Rxc6 Na4 31. h3 Rd2 32. g4 fxg4 33. hxg4
Ra2 34. Nb3 Nb2 35. Rc2 g5 36. Kg2 a5 37. Nxa5 Rxa5 38. Rxb2 Ra7 39. f4 Ra3 40.
Kf2 gxf4 41. exf4 h6 42. Rb7 Kg8 43. Re7 Rb3 44. Rc7 h5 45. g5 h4 46. Ra7 h3 47.
Ra6 Kg7 48. Rh6 Rd3 49. Rb6 Kf7 50. Rf6+ Kg7 51. Re6 Rb3 52. Rc6 Rd3 53. Rh6 Ra3
54. f5 Ra2+ 55. Kg3 Rg2+ 56. Kf4 h2 57. Rh5 Rf2+ 58. Kg4 Rb2 59. Kf3 Ra2 60. Rh6
Ra5 61. Kf4 Ra4+ 62. Kg3 Ra5 63. f6+ Kf7 64. Kg4 Ra4+ 65. Kf3 Ra5 66. Kf4 Ra4+
67. Ke3 Rg4 68. Rh5 Rxg5 69. Rh7+ Kxf6 70. Rxh2 Ra5 1/2-1/2

[Event "AUTO-ADV-454"]
[Site "http://www.queenalice.com/game.php?id=302139"]
[Date "2007.11.11"]
[Round "2"]
[White "Rusty"]
[Black "gp_baker"]
[Result "0-1"]
[WhiteElo "2074"]
[BlackElo "2337"]

1. d4 d5 2. c4 e6 3. Nc3 Nf6 4. Bg5 c6 5. cxd5 exd5 6. e3 h6 7. Bf4 Bf5 8. Nf3
Nbd7 9. Bd3 Bxd3 10. Qxd3 Be7 11. O-O O-O 12. Rac1 Re8 13. Qc2 Nh5 14. Be5 Nhf6
15. Rfd1 Bb4 16. Bg3 Bxc3 17. Qxc3 Ne4 18. Qb3 Nxg3 19. hxg3 Rb8 20. Qa4 a6 21.
Qc2 Nf6 22. Qf5 Qa5 23. a3 Ne4 24. Qf4 Rbd8 25. Ne5 Re7 26. Nd3 Qb5 27. Qg4 Rde8
28. Qe2 Re6 29. Kh2 Rg6 30. Qc2 Qb6 31. Re1 Rg5 32. Nf4 Qc7 33. Rh1 Qd8 34. Kg1
c5 35. Nh3 Rg6 36. dxc5 Nxc5 37. Nf4 Rc6 0-1

[Event "AUTO-ADV-454"]
[Site "http://www.queenalice.com/game.php?id=302140"]
[Date "2007.11.11"]
[Round "2"]
[White "gp_baker"]
[Black "Denorwaygths"]
[Result "1-0"]
[WhiteElo "2306"]
[BlackElo "1906"]

1. d4 d5 2. c4 Nc6 3. Nf3 dxc4 4. d5 Nb8 5. e4 b5 6. a4 Bd7 7. axb5 Bxb5 8. Nc3
Qd7 9. Ne5 Qd6 10. Nxb5 Qxe5 11. Qc2 Nd7 12. f4 Qh5 13. Nxc7+ Kd8 14. Nxa8 e5
15. Rxa7 Ngf6 16. Bxc4 exf4 17. Bxf4 Ng4 18. Rxd7+ Kxd7 19. Bb5+ Ke7 20. Qc7+
Kf6 21. Qc6+ Ke7 22. Qd6# 1-0

[Event "AUTO-ADV-454"]
[Site "http://www.queenalice.com/game.php?id=302141"]
[Date "2007.11.11"]
[Round "2"]
[White "Denorwaygths"]
[Black "gp_baker"]
[Result "0-1"]
[WhiteElo "1884"]
[BlackElo "2307"]

1. Nf3 d5 2. d4 Nf6 3. Nc3 e6 4. Bf4 Be7 5. Nb5 Na6 6. e3 O-O 7. a3 c5 8. Nc3
Ne4 9. Nxe4 dxe4 10. Nd2 cxd4 11. Nxe4 e5 12. Bg3 f5 13. exd4 exd4 14. Nd6 Bxd6
15. Qf3 f4 16. Bh4 Qxh4 17. Bxa6 bxa6 18. Qxa8 Qe7+ 19. Kd2 Bb7 20. Qxa7 f3 21.
Rhe1 Qg5+ 22. Kd1 fxg2 23. Ke2 Qe5+ 24. Kd3 Qb5+ 25. c4 Qb3+ 26. Kd2 Bf4+ 27.
Ke2 d3# 0-1

[Event "AUTO-MASTER-306"]
[Site "http://www.queenalice.com/game.php?id=313277"]
[Date "2007.12.1"]
[Round "2"]
[White "Rusty"]
[Black "gp_baker"]
[Result "1/2-1/2"]
[WhiteElo "2079"]
[BlackElo "2360"]

1. d4 d5 2. c4 e6 3. Nc3 Nf6 4. Bg5 c6 5. cxd5 exd5 6. Qc2 h6 7. Bh4 Bd6 8. e3
O-O 9. Bd3 Re8 10. a3 Be6 11. Nf3 Nbd7 12. O-O Bg4 13. Rac1 Qb8 14. Bg3 Bxg3 15.
hxg3 Qd6 16. Rfe1 a6 17. Nh2 Be6 18. Ne2 Rac8 19. b4 Ra8 20. Nf3 Bg4 21. Nf4 a5
22. Nh2 Be6 23. Nf3 Bg4 24. Qb2 axb4 25. axb4 Ne4 26. b5 g5 27. Ne2 Qa3 28. Qxa3
Rxa3 29. Bxe4 dxe4 30. bxc6 bxc6 31. Nh2 Bxe2 32. Rxe2 Re6 33. Rb2 Ra7 34. Nf1
h5 35. Nd2 Kg7 36. Rcb1 Nf6 37. Rb7 Ra4 38. Nb3 Ra2 39. Nc5 Re8 40. Rc7 Rb8 41.
Rf1 Nd5 42. Rxc6 Nxe3 43. fxe3 Rbb2 44. Rf5 Rxg2+ 45. Kf1 Rgb2 46. Rxg5+ Kh7 47.
Rxh5+ Kg7 48. Rg5+ Kh7 49. Rh5+ Kg8 50. Rg5+ Kh7 51. Rh5+ 1/2-1/2

[Event "AUTO-MASTER-306"]
[Site "http://www.queenalice.com/game.php?id=313278"]
[Date "2007.12.1"]
[Round "2"]
[White "gp_baker"]
[Black "Rusty"]
[Result "1-0"]
[WhiteElo "2333"]
[BlackElo "2167"]

1. d4 Nf6 2. c4 e6 3. Nc3 Bb4 4. e3 O-O 5. Bd3 d5 6. Nf3 c5 7. O-O Nc6 8. a3
Bxc3 9. bxc3 dxc4 10. Bxc4 Qc7 11. Qc2 e5 12. Bd3 Re8 13. Ng5 h6 14. Ne4 Nxe4
15. Bxe4 exd4 16. exd4 cxd4 17. cxd4 Qd6 18. d5 Nd4 19. Qd3 Nb3 20. Bh7+ Kh8 21.
Qxb3 Kxh7 22. Qf3 Qg6 23. Bf4 Re4 24. Bg3 Bd7 25. Qb3 b5 26. Rac1 a6 27. Rc7 Bf5
28. d6 Be6 29. Qb2 Re8 30. Qd2 Qf5 31. h3 Ra4 32. Qc1 Rd8 33. Re1 Rd4 34. Re3
Rd5 35. Kh2 R5xd6 36. Bxd6 Rxd6 37. Kg1 Bc4 38. Ra7 Rg6 39. Qd1 Qc5 40. Rd7 Be6
41. Rd4 a5 42. h4 Qc6 43. g3 Bc8 44. Qd3 Bb7 45. f3 f5 46. Qxf5 Qc1+ 47. Kf2
Qb2+ 48. Kf1 Bc8 49. Qd3 Bh3+ 50. Ke1 Bf5 51. Qd2 Qa1+ 52. Qd1 Qb2 53. Rd2 Qf6
54. Kf2 Qf7 55. Qb3 Qc7 56. f4 b4 57. axb4 axb4 58. Qxb4 Rf6 59. Re7 Qc6 60. Qd4
h5 61. Qd5 Qc3 62. Rde2 Qc1 63. Kg2 Rf8 64. Re8 Qa3 65. Kh2 Bg4 66. Rxf8 Qxf8
67. Re5 Kh6 68. f5 1-0

[Event "QA-ANNIV-03"]
[Site "http://www.queenalice.com/game.php?id=316112"]
[Date "2007.12.6"]
[Round "4"]
[White "gp_baker"]
[Black "robelix"]
[Result "1-0"]
[WhiteElo "2300"]
[BlackElo "2111"]

1. d4 f5 2. g3 Nf6 3. Bg2 e6 4. Nf3 d5 5. c4 c6 6. O-O Bd6 7. Qc2 O-O 8. Bg5
Nbd7 9. Nbd2 Qe8 10. e3 Ne4 11. Bf4 Bxf4 12. exf4 Ndf6 13. Ne5 Nxd2 14. Qxd2 Qh5
15. Rfe1 Nd7 16. Bf3 Qh6 17. Rac1 dxc4 18. Nxc4 Nf6 19. Ne5 Nd5 20. a4 Qf6 21.
Rc5 Qd8 22. a5 a6 23. Bxd5 exd5 24. Qb4 g5 25. Rc3 g4 26. Rce3 Qc7 27. Nd3 Bd7
28. Re7 Rae8 29. Nc5 1-0

[Event "QA-ANNIV-03"]
[Site "http://www.queenalice.com/game.php?id=360847"]
[Date "2008.2.25"]
[Round "5"]
[White "gp_baker"]
[Black "Alsina"]
[Result "1-0"]
[WhiteElo "2308"]
[BlackElo "2464"]

1. d4 Nf6 2. c4 e6 3. Nf3 b6 4. g3 Ba6 5. b3 Bb4+ 6. Bd2 Be7 7. Bg2 c6 8. Bc3 d5
9. Nbd2 Nbd7 10. O-O O-O 11. Re1 c5 12. e4 dxe4 13. Nxe4 Bb7 14. Nfg5 cxd4 15.
Bxd4 Qc7 16. Nxf6+ Bxf6 17. Bxb7 Qxb7 18. Ne4 Bxd4 19. Qxd4 Rad8 20. Rad1 Qa8
21. Qc3 Nb8 22. Rd6 Nc6 23. Red1 e5 24. R1d5 Qc8 25. Rxd8 Rxd8 26. Qd3 Rf8 27.
Qd1 a6 28. Rd6 b5 29. Qd5 Nb4 30. Qxe5 bxc4 31. bxc4 Qxc4 32. Rd4 Nd3 33. Qxg7+
Kxg7 34. Rxc4 Re8 35. a3 Re6 36. f4 h6 37. Kf1 Nb2 38. Rd4 Nd1 39. Ke2 Nc3+ 40.
Kf3 Rc6 41. Nd6 Nb5 42. Nf5+ Kf6 43. Rd5 h5 44. Ne3 Rc3 45. a4 Na3 46. Rf5+ Ke6
47. Re5+ Kd7 48. Kg2 f6 49. Re4 Rc6 50. Kh3 Nc2 51. Nf5 Re6 52. Rc4 Re2 53. Ng7
h4 54. gxh4 Ne3 55. Rd4+ Ke7 56. Re4+ Kf7 57. Nh5 Re1 58. Ng3 a5 59. h5 Nc2 60.
Rc4 Ne3 61. Rc5 Ra1 62. Rxa5 Kg7 63. Kh4 Ra2 64. Ra7+ Kh6 65. Kh3 Ra3 66. Ra5
Kg7 67. Ra8 Kh7 68. Kh4 Ra2 69. Ne4 Nf5+ 70. Kg4 Nh6+ 71. Kf3 Ra3+ 72. Kg2 Ng4
73. a5 Ne3+ 74. Kg1 Nd5 75. a6 Kg7 76. Nd6 Kh7 77. Nb5 Ra1+ 78. Kf2 Nb6 79. Ra7+
Kh6 80. Rf7 Ra2+ 81. Kg3 Kxh5 82. Rxf6 Rxa6 83. Rc6 Ra2 84. Rxb6 Ra3+ 85. Kf2
Ra2+ 86. Ke3 Rxh2 87. f5 Kg5 88. Nd4 1-0

[Event "QA-ANNIV-03"]
[Site "http://www.queenalice.com/game.php?id=385524"]
[Date "2008.4.10"]
[Round "6"]
[White "Bergman"]
[Black "gp_baker"]
[Result "1/2-1/2"]
[WhiteElo "2445"]
[BlackElo "2325"]

1. c4 e5 2. Nc3 Nf6 3. g3 d5 4. cxd5 Nxd5 5. Bg2 Nb6 6. Nf3 Nc6 7. O-O Be7 8. d3
Be6 9. a4 a5 10. Be3 Nd5 11. Nxd5 Bxd5 12. Qc2 O-O 13. Rac1 Re8 14. Rfd1 Rc8 15.
Bh3 Rb8 16. Bf5 Bd6 17. Bg5 Nb4 18. Bxd8 Nxc2 19. Bxc7 Bxc7 20. Nd2 Nd4 21. Rxc7
Nxe2+ 22. Kf1 Nd4 23. Be4 Be6 24. Nf3 b6 25. Nxd4 exd4 26. h4 Kf8 27. Rdc1 h5
28. Ke2 Re7 29. Kd2 Rxc7 30. Rxc7 b5 31. axb5 Rxb5 32. Kc2 g6 33. f4 a4 34. Bb7
Ra5 35. Bc8 Bb3+ 36. Kd2 Ke8 37. Bb7 Kd8 38. Rc1 Rb5 39. Bc6 Rb8 40. Bf3 Be6 41.
Rc2 Ke7 42. Rc7+ Kd6 43. Rc6+ Kd7 44. Kc2 Bb3+ 45. Kd2 Re8 46. Ra6 Re6 47. Ra7+
Kd6 48. Be4 Re8 49. Ra6+ Kc7 50. Rc6+ Kd7 51. Rc5 Rb8 52. Rc6 Be6 53. Kc2 Rb7
54. Ra6 Rc7+ 55. Kb1 Bb3 56. Rb6 f5 57. Bf3 Rc2 58. Bd5 Rd2 59. Bxb3 axb3 60.
Rxb3 Kc6 61. Ra3 Kb5 62. Rb3+ Kc5 63. Ka2 Rd1 64. Ra3 Rg1 65. Kb3 Rxg3 66. Ra5+
Kb6 67. Re5 Rxd3+ 68. Kc4 Rf3 69. Re6+ Kc7 70. Kxd4 Rxf4+ 71. Kc5 Rxh4 72. Rxg6
Kd7 73. b4 f4 74. b5 Rg4 1/2-1/2

[Event "QA-ANNIV-03"]
[Site "http://www.queenalice.com/game.php?id=413712"]
[Date "2008.6.5"]
[Round "7"]
[White "gp_baker"]
[Black "Alexsandro"]
[Result "1-0"]
[WhiteElo "2341"]
[BlackElo "2306"]

1. e4 c5 2. Nf3 d6 3. d4 cxd4 4. Nxd4 Nf6 5. Nc3 a6 6. Be3 e5 7. Nb3 Be6 8. Nd5
Nbd7 9. Qd3 Bxd5 10. exd5 Be7 11. Be2 O-O 12. O-O Nc5 13. Nxc5 dxc5 14. Bf3 Qc7
15. c4 Ne8 16. Be4 g6 17. Bh6 f5 18. d6 Nxd6 19. Bd5+ Kh8 20. Bxf8 Rxf8 21. f3
Bf6 22. Kh1 b5 23. Rad1 Rd8 24. b3 e4 25. fxe4 Nxe4 26. g4 Nc3 27. Rde1 f4 28.
Re6 bxc4 29. bxc4 Bd4 30. Rxa6 Qe5 31. Re6 Qg5 32. Qf3 Nxd5 33. cxd5 Rxd5 34.
Qxf4 Qxf4 35. Rxf4 Kg7 36. Re7+ Kg8 37. a4 c4 38. Rfe4 c3 39. g5 Bc5 40. Rc7 Kf8
41. Rc4 Rd1+ 42. Kg2 Be7 43. Rxc3 Rd2+ 44. Kf1 Bxg5 45. Rxh7 Rd1+ 46. Ke2 Rd2+
47. Kf3 Kg8 48. Rcc7 Bd8 49. Rcg7+ Kf8 50. Rxg6 Rd3+ 51. Ke4 1-0

[Event "QA-ANNIV-03"]
[Site "http://www.queenalice.com/game.php?id=525047"]
[Date "2009.1.18"]
[Round "10"]
[White "gp_baker"]
[Black "DINTERINBEBIM"]
[Result "0-1"]
[WhiteElo "2340"]
[BlackElo "2359"]

1. e4 c5 2. Nf3 d6 3. d4 cxd4 4. Nxd4 Nf6 5. Nc3 a6 6. Be3 e5 7. Nb3 Be6 8. Nd5
Nbd7 9. Qd3 Bxd5 10. exd5 g6 11. Be2 Bg7 12. O-O O-O 13. c4 a5 14. a4 b6 15. Ra3
Ne8 16. Bc1 f5 17. Qd1 Nc7 18. Bd2 Na6 19. Qc1 e4 20. Rd1 Be5 21. Bc3 Qf6 22.
Nd4 Nac5 23. Qd2 Qh4 24. g3 Qf6 25. f4 exf3 26. Bxf3 f4 27. g4 Rae8 28. Ne6 Rf7
29. g5 Qe7 30. Rf1 Bxc3 31. Rxc3 Ne5 32. Bg2 Nxa4 33. Rc2 f3 34. Bh3 Nxb2 35.
Rxb2 Nxc4 36. Qd4 Nxb2 37. Qxb2 a4 38. Ra1 Qa7 39. Qb5 Ra8 40. Kf1 a3 41. Nd4
Rf4 42. Nc2 Qa4 43. Be6+ Kg7 44. Qd3 Qc4 45. Qxc4 Rxc4 46. Rxa3 Rxa3 47. Nxa3
Rc5 48. Bd7 Rxd5 49. h4 Rd1+ 50. Kf2 Rd2+ 51. Kg3 d5 52. Nb5 f2 53. Kg2 Kf7 54.
Kf1 d4 55. Bc8 Ke7 56. Bg4 d3 57. Nc3 Rc2 58. Ne4 b5 59. Nxf2 b4 60. Nxd3 b3 61.
Bd1 Rd2 62. Be2 b2 63. Nxb2 Rxb2 64. Kf2 Rb3 65. Bg4 Kd6 66. Kg2 Ke5 67. Bd1 Re3
68. Bg4 Kf4 69. Bd7 Re7 70. Bc8 h6 71. gxh6 Re5 72. Kh3 Rh5 73. Bg4 Rxh6 74. h5
g5 75. Be2 Rd6 76. Kg2 g4 77. Bb5 Rd2+ 78. Kf1 Kg3 79. Be2 Rd5 80. h6 Rh5 81.
Bd1 Rh1+ 82. Ke2 Rxh6 83. Bb3 Kh2 84. Bd5 g3 85. Kf1 Rd6 86. Bf3 Rf6 87. Ke2
Rxf3 0-1